Ford F-Series Models - Statistics

General Stats
  • This quiz has been taken 14 times
  • The average score is 19 of 25
Answer Stats
Answer % Correct
1
100%
150
100%
2
100%
250
100%
3
100%
350
100%
450
100%
5
100%
6
100%
550
92%
650
92%
750
92%
8
92%
100
92%
500
85%
600
77%
1000
69%
800
69%
900
69%
620
62%
53
38%
59
38%
1250
23%
6000
8%
7000
8%
No matching quizzes found
Score Distribution
Percent of People with Each Score
Percentile by Number Answered
Your Score History
You have not taken this quiz